[Event "Stay Safe Play From Home 186"]
[Site "T#646431Emanuel Laske"]
[Date "2020.05.29"]
[Round "5"]
[White "Lazieri3"]
[Black "W Nelles"]
[Result "1-0"]
[WhiteElo "2031"]
[BlackElo "1282"]
[Annotator "TA"]
[PlyCount "119"]
[EventDate "2020.05.29"]
[EventType "swiss (blitz)"]

{[%evp 9,119,-98,-100,-128,-123,-128,-86,-112,-82,-92,12,12,34,38,47,45,35,38,54,50,61,50,117,76,89,74,77,55,118,123,107,90,150,134,135,91,116,33,42,45,70,86,83,79,107,93,94,95,117,110,117,104,106,100,139,90,101,91,88,-168,84,67,62,59,63,39,39,39,105,86,87,81,81,81,83,18,18,0,0,0,35,35,35,35,908,760,438,8,8,8,8,0,0,0,5120,8,29969,5106,29972,29974,29973,29973,29978,1011,29981,29982,29982,29983,29982,29976,29996,29997]} 1. f3 e5 2. e4 Nf6 3. Nc3 Bc5 4. Bc4 c6 5. d3 {[#]} O-O $146 ({Predecessor:} 5... d5 6. Bb3 b5 7. a3 dxe4 8. Nxe4 Bxg1 9. Rxg1 Nxe4 10. dxe4 Qh4+ 11. g3 Qxh2 12. Be3 Qh5 {1-0 (25) Paganoglou,A-Ozturk,K (1978) Urgup 2004}) 6. Qe2 {C20: 1 e4 e5: Unusual White second moves.} b5 7. Bb3 Qb6 8. Nh3 {Black is better.} d6 9. Nf2 Bxf2+ (9... a5 $17 {White must now prevent ...a4.} 10. a4 Bb7) 10. Qxf2 $11 Qxf2+ 11. Kxf2 Nbd7 12. a3 Nc5 13. Ba2 a5 14. Be3 Rd8 15. Rhd1 Ncd7 (15... Ne6 $14) 16. Ne2 c5 17. c3 Bb7 18. d4 exd4 (18... a4 $14) 19. cxd4 $16 c4 20. a4 Ba6 (20... bxa4 $142 21. Bxc4 d5) 21. axb5 Bxb5 22. Rac1 d5 23. exd5 ({White should try} 23. Nc3 $16 Bc6 24. exd5 Bxd5 25. Nxd5 Nxd5 26. Bxc4 Nxe3 27. Kxe3) 23... Nxd5 $14 24. Bxc4 Nxe3 25. Kxe3 Bxc4 26. Rxc4 Re8+ 27. Kf2 Nf6 28. Nf4 g5 29. Nd3 g4 30. Ne5 gxf3 31. gxf3 Nd5 32. Rg1+ Kf8 33. Rc5 Nf4 34. Rc7 $2 {[%mdl 8192]} (34. Rd1 $16 {keeps the pressure on.}) 34... Re7 $2 (34... Nh3+ $19 35. Kg2 Nxg1 36. Kxg1 Re7) 35. Rgc1 Rxe5 {[%mdl 64] [#] Remove Defender} 36. dxe5 {[%mdl 4096] Endgame Rc8+ is the strong threat. KRR-KRN} Nd3+ 37. Ke3 Nxc1 38. Rxc1 {KR-KR} Ke7 ({Black should play} 38... Rb8 $14) 39. Rc7+ $16 Ke6 40. Ke4 Rb8 41. Rc6+ Ke7 42. Rc2 (42. Kf5 $16) 42... Ke6 $1 $11 43. f4 Rb4+ 44. Ke3 Kf5 45. Rc7 Rb3+ 46. Kd4 Kxf4 $2 {[%mdl 8192]} (46... Ke6 $14) 47. Rxf7+ $18 Kg5 48. Rxh7 $2 ({Better is} 48. Rf2 $18) 48... Kg6 $11 49. Ra7 (49. Rc7 {seems wilder.} Rxb2 50. h4 a4 51. Ra7 Kf5 52. Rf7+) 49... Rxb2 50. Rxa5 (50. h4 {looks sharper.} a4 51. Kd5 Rb5+ 52. Kd6 Rb6+ 53. Ke7) 50... Rxh2 51. Kd5 Rh5 $2 {[%mdl 8192]} (51... Kf5 $11) 52. Ke6 $2 (52. Ra3 $18 Kf7 53. Ra7+ Kg6 54. Kd6) 52... Kg7 $2 {[%mdl 8192] [#]} (52... Rh8 $11) 53. Ke7 (53. Ra8 $142 Kg6 54. Kd6 Rh3 55. e6 Rd3+ 56. Ke7 Rf3 57. Ke8 Rh3 58. Ra2) 53... Rh7 54. e6 Kg6+ 55. Kd6 Kf6 56. Ra1 (56. Ra8 $142 Rh1 57. Rf8+ Kg5 58. e7 Rd1+ 59. Kc5 Rc1+ 60. Kd4 Rd1+ 61. Kc3) 56... Rh4 57. Rf1+ {White mates.} Kg7 58. e7 Rd4+ 59. Ke6 Rd1 60. Rxd1 {Accuracy: White = 59%, Black = 51%.} 1-0

[Event "Stay Safe Play From Home 186"]
[Site "T#646431Emanuel Laske"]
[Date "2020.05.29"]
[Round "5"]
[White "Patzeroglu"]
[Black "Lamborghini"]
[Result "0-1"]
[WhiteElo "1947"]
[BlackElo "2215"]
[Annotator "TA"]
[PlyCount "72"]
[EventDate "2020.05.29"]
[EventType "swiss (blitz)"]

{[%evp 17,72,2,-4,-10,22,17,32,-17,92,20,97,-30,-19,-41,41,-140,0,0,7,14,216,0,1,0,793,106,95,64,68,31,76,33,48,27,18,0,0,0,0,0,135,103,106,44,60,48,70,0,0,-1,0,-805,5222,5214,5635,5600,1506]} 1. e4 c5 2. Nf3 d6 3. d4 cxd4 4. Nxd4 Nf6 5. Nc3 g6 6. Be2 Bg7 7. Be3 O-O 8. O-O Nc6 9. Nxc6 bxc6 {[#]} 10. Qe1 $146 {B73: Sicilian Dragon: Classical System without 9 Nb3.} ({Predecessor:} 10. Qd2 Re8 11. f3 Qc7 12. Rad1 d5 13. exd5 cxd5 14. Nb5 Qb8 15. c4 dxc4 16. Bxc4 Be6 17. Bxe6 Qxb5 18. Bb3 {½-½ (44) Socko,M (2473)-Macieja,B (2606) Warsaw 2007}) 10... e5 11. Rd1 Qc7 12. f4 {White is slightly better.} Rb8 (12... Ng4 $11 {remains equal.} 13. Bc1 exf4) 13. b3 (13. fxe5 $16 dxe5 14. b3) 13... Re8 (13... Ng4 $11 14. Bc1 exf4) 14. Qh4 ({Better is} 14. fxe5 $16 Rxe5 15. Bf4) 14... Qa5 $11 15. Na4 exf4 (15... Nxe4 $15 16. Bd3 d5) 16. Bxf4 $2 (16. Qxf4 $14 {keeps the upper hand.} Qc7 17. Nc5) 16... Rxe4 (16... Nxe4 $17 {Strongly threatening ...Rb4.} 17. Bc4 Bf5 18. Bxf7+ Kxf7) 17. Bf3 Ba6 18. Bxe4 Nxe4 $2 {[#]} (18... Bxf1 $11 {and Black stays safe.} 19. Bxc6 Bb5 20. Bxb5 (20. Rxd6 $2 Bxa4 21. Bf3 Bd7 $19) 20... Rxb5) 19. Rfe1 $2 ({Only move:} 19. Qe1 $1 $18 {[%cal Re1a5]} Qxe1 20. Rfxe1) 19... Re8 20. Bxd6 g5 $2 {[%mdl 8192]} (20... Nxd6 $11 21. Rxe8+ Nxe8) 21. Qxe4 $2 (21. Rxe4 $18 {and the rest is easy.} Rd8 22. Qg3) 21... Rxe4 $16 22. Rxe4 {Black must now prevent Re8+.} h6 23. c4 {aiming for Bc5.} Qf5 24. Rde1 Bc8 25. Nc5 Kh7 26. h3 Qg6 27. Be5 Bf5 28. R4e3 f6 (28... Bf8 $11 29. Na4 Be6) 29. Bg3 h5 30. Re7 ({White should play} 30. Ne6 $16 Bxe6 31. Rxe6) 30... h4 $1 $14 {[%cal Rh4g3]} 31. Bd6 $36 {[%mdl 2048] And now Kh2 would win. White is more active.} g4 32. Ne6 ({But not} 32. Rxa7 $2 gxh3 33. Re2 Qg4 $19) (32. Kh2 $1 $14) 32... Bxe6 $1 $11 33. R1xe6 gxh3 {[%csl Gh3][%cal Rg6g2] [#]} 34. Rxg7+ $4 {[%mdl 8192]} (34. Re2 $11) 34... Qxg7 $4 {[%mdl 8192]} (34... Kxg7 $19 35. Re2 Qd3 36. Re7+ Kg6) 35. Re7 $18 Qxe7 36. Bxe7 h2+ {[%mdl 32768] Never resign too early! Accuracy: White = 39%, Black = 50%. . Loss on time!?} 0-1

[Event "Stay Safe Play From Home 186"]
[Site "T#646431Emanuel Laske"]
[Date "2020.05.29"]
[Round "5"]
[White "Archi-ak"]
[Black "Don59as"]
[Result "0-1"]
[WhiteElo "1873"]
[BlackElo "2049"]
[Annotator "NA RC"]
[PlyCount "46"]
[EventDate "2020.05.29"]
[EventType "swiss (blitz)"]

1. e4 {[%emt 0:00:01]} e5 {[%emt 0:00:01]} 2. Nf3 {[%emt 0:00:02]} Nc6 {[%emt 0:00:01]} 3. Bc4 {[%emt 0:00:01]} d6 {[%emt 0:00:01]} 4. h3 {[%emt 0:00:01]} Be7 {[%emt 0:00:09]} 5. d3 {[%emt 0:00:02]} Na5 {[%emt 0:00:03]} 6. Bb3 {[%emt 0:00:01]} Nxb3 {[%emt 0:00:01]} 7. axb3 {[%emt 0:00:00]} f5 {[%emt 0:00:01]} 8. exf5 {[%emt 0:00:02]} Bxf5 {[%emt 0:00:02]} 9. Nc3 {[%emt 0:00:00]} Nf6 {[%emt 0:00:01]} 10. Bg5 {[%emt 0:00:02]} O-O {[%emt 0:00:01]} 11. Qd2 {[%emt 0:00:00]} Qd7 {[%emt 0:00:01]} 12. O-O {[%emt 0:00:08]} Bxh3 {[%emt 0:00:11]} 13. gxh3 {[%emt 0:00:02]} Qxh3 {[%emt 0:00:01]} 14. Nh2 {[%emt 0:00:03]} Ng4 {[%emt 0:00:03]} 15. f4 {[%emt 0:00:23]} Bxg5 {[%emt 0:00:18]} 16. fxg5 {[%emt 0:00:08]} Ne3 {[%emt 0:00:10]} 17. Rxf8+ {[%emt 0:00:06]} Rxf8 {[%emt 0:00:03]} 18. Ne4 {[%emt 0:00:09]} d5 {[%emt 0:00:09]} 19. Re1 {[%emt 0:00:03]} Ng4 {[%emt 0:00:24]} 20. Nc3 {[%emt 0:00:22]} Qg3+ {[%emt 0:00:07]} 21. Kh1 {[%emt 0:00:05]} Nf2+ {[%emt 0:00:04]} 22. Qxf2 {[%emt 0:00:08]} Rxf2 {[%emt 0:00:01]} 23. Re2 {[%emt 0:00:03]} Qg2# {[%emt 0:00:02] (Lag: Av=0.85s, max=1.5s)} 0-1

[Event "Stay Safe Play From Home 186"]
[Site "T#646431Emanuel Laske"]
[Date "2020.05.29"]
[Round "5"]
[White "Timbre"]
[Black "Tunca"]
[Result "0-1"]
[WhiteElo "1677"]
[BlackElo "1702"]
[Annotator "NA RC"]
[PlyCount "30"]
[EventDate "2020.05.29"]
[EventType "swiss (blitz)"]

1. d4 {[%emt 0:00:17]} d6 {[%emt 0:00:04]} 2. Nf3 {[%emt 0:00:01]} c5 {[%emt 0:00:04]} 3. c3 {[%emt 0:00:01]} Nc6 {[%emt 0:00:04]} 4. Bf4 {[%emt 0:00:02]} Qb6 {[%emt 0:00:08]} 5. Qb3 {[%emt 0:00:04]} Qxb3 {[%emt 0:00:05]} 6. axb3 {[%emt 0:00:02]} cxd4 {[%emt 0:00:01]} 7. Nxd4 {[%emt 0:00:03]} Nxd4 {[%emt 0:00:22]} 8. cxd4 {[%emt 0:00:01]} g6 {[%emt 0:00:02]} 9. e3 {[%emt 0:00:02]} Bg7 {[%emt 0:00:04]} 10. Nc3 {[%emt 0:00:02]} Nf6 {[%emt 0:00:28]} 11. Nb5 {[%emt 0:00:02]} O-O {[%emt 0:00:19]} 12. Rxa7 {[%emt 0:00:05]} Rxa7 {[%emt 0:00:03]} 13. Nxa7 {[%emt 0:00:02]} Be6 {[%emt 0:00:00]} 14. Bc4 {[%emt 0:00:04]} Bxc4 {[%emt 0:00:02]} 15. bxc4 {[%emt 0:00:02]} Ra8 {[%emt 0:00:00] Timbre resigns (Lag: Av=0.29s, max=0.4s)} 0-1

[Event "Stay Safe Play From Home 186"]
[Site "T#646431Emanuel Laske"]
[Date "2020.05.29"]
[Round "5"]
[White "oligodervz41"]
[Black "Tobo Rubirosa"]
[Result "0-1"]
[WhiteElo "1494"]
[BlackElo "1668"]
[Annotator "NA RC"]
[PlyCount "104"]
[EventDate "2020.05.29"]
[EventType "swiss (blitz)"]

1. e4 {[%emt 0:00:03]} c5 {[%emt 0:00:02]} 2. Nf3 {[%emt 0:00:02]} d6 {[%emt 0:00:01]} 3. d4 {[%emt 0:00:01]} cxd4 {[%emt 0:00:01]} 4. Nxd4 {[%emt 0:00:01]} Nf6 {[%emt 0:00:00]} 5. Nc3 {[%emt 0:00:02]} a6 {[%emt 0:00:01]} 6. Bd3 {[%emt 0:00:06]} Nc6 {[%emt 0:00:03]} 7. Nxc6 {[%emt 0:00:05]} bxc6 {[%emt 0:00:01]} 8. O-O {[%emt 0:00:01]} g6 {[%emt 0:00:02]} 9. Bg5 {[%emt 0:00:03]} Bg7 {[%emt 0:00:04]} 10. Re1 {[%emt 0:00:02]} Qb6 {[%emt 0:00:03] oligodervz41 reconnected.} 11. b3 {[%emt 0:00:04]} O-O {[%emt 0:00:05]} 12. Rc1 {[%emt 0:00:09]} Ng4 {[%emt 0:00:04]} 13. Na4 {[%emt 0:00:08] oligodervz41 reconnected.} Qxf2+ {[%emt 0:00:10]} 14. Kh1 {[%emt 0:00:04]} Qa7 {[%emt 0:00:03]} 15. Rf1 {[%emt 0:00:04]} Nf2+ {[%emt 0:00:04]} 16. Rxf2 {[%emt 0:00:02]} Qxf2 {[%emt 0:00:01]} 17. Bxe7 {[%emt 0:00:06]} Re8 {[%emt 0:00:06]} 18. Bxd6 {[%emt 0:00:01] oligodervz41 reconnected.} Bh6 {[%emt 0:00:27]} 19. Bc5 {[%emt 0:00:03]} Qd2 {[%emt 0:00:08]} 20. Qxd2 {[%emt 0:00:02]} Bxd2 {[%emt 0:00:02]} 21. Rf1 {[%emt 0:00:01]} Bh6 {[%emt 0:00:05]} 22. Rf6 {[%emt 0:00:04]} Be6 {[%emt 0:00:05]} 23. Nb6 {[%emt 0:00:04]} Rad8 {[%emt 0:00:05]} 24. a4 {[%emt 0:00:05]} Bf8 {[%emt 0:00:06]} 25. b4 {[%emt 0:00:06]} Bxc5 {[%emt 0:00:02]} 26. bxc5 {[%emt 0:00:01]} Kg7 {[%emt 0:00:08]} 27. Rf1 {[%emt 0:00:12]} a5 {[%emt 0:00:03]} 28. Nc4 {[%emt 0:00:14]} Rd4 {[%emt 0:00:04]} 29. Nxa5 {[%emt 0:00:03]} Rxa4 {[%emt 0:00:04]} 30. Nxc6 {[%emt 0:00:00]} Rc8 {[%emt 0:00:05]} 31. Bb5 {[%emt 0:00:05]} Ra2 {[%emt 0:00:07]} 32. c4 {[%emt 0:00:03]} Rc2 {[%emt 0:00:03]} 33. Ne5 {[%emt 0:00:07]} f6 {[%emt 0:00:04]} 34. Nd7 {[%emt 0:00:09]} Bxc4 {[%emt 0:00:03]} 35. Bxc4 {[%emt 0:00:03]} Rxc4 {[%emt 0:00:01]} 36. Nb6 {[%emt 0:00:03]} R4xc5 {[%emt 0:00:02]} 37. Nxc8 {[%emt 0:00:01]} Rxc8 {[%emt 0:00:01]} 38. Re1 {[%emt 0:00:02]} Re8 {[%emt 0:00:01]} 39. Kg1 {[%emt 0:00:00]} f5 {[%emt 0:00:01]} 40. Kf2 {[%emt 0:00:03]} fxe4 {[%emt 0:00:03]} 41. Kg3 {[%emt 0:00:01]} Kf6 {[%emt 0:00:01]} 42. Kf4 {[%emt 0:00:01]} g5+ {[%emt 0:00:02]} 43. Kg4 {[%emt 0:00:01]} Kg6 {[%emt 0:00:01]} 44. h4 {[%emt 0:00:06]} h5+ {[%emt 0:00:01]} 45. Kg3 {[%emt 0:00:01]} Kf5 {[%emt 0:00:02]} 46. hxg5 {[%emt 0:00:01]} Kxg5 {[%emt 0:00:01]} 47. Kf2 {[%emt 0:00:03]} Kg4 {[%emt 0:00:02]} 48. g3 {[%emt 0:00:02]} h4 {[%emt 0:00:02]} 49. gxh4 {[%emt 0:00:02]} Kxh4 {[%emt 0:00:01]} 50. Ke3 {[%emt 0:00:01]} Kg4 {[%emt 0:00:01]} 51. Rg1+ {[%emt 0:00:01]} Kh3 {[%emt 0:00:01]} 52. Rg7 {[%emt 0:00:02]} Kh2 {[%emt 0:00:00] Tobo Rubirosa ofrece tablas Time (Lag: Av=1.31s, max=2.3s) .} 0-1

[Event "Stay Safe Play From Home 186"]
[Site "T#646431Emanuel Laske"]
[Date "2020.05.29"]
[Round "5"]
[White "Raja3652016"]
[Black "Haris kollari 13"]
[Result "0-1"]
[WhiteElo "1420"]
[BlackElo "1892"]
[Annotator "NA RC"]
[PlyCount "106"]
[EventDate "2020.05.29"]
[EventType "swiss (blitz)"]

1. e4 {[%emt 0:00:05]} e5 {[%emt 0:00:02]} 2. Nf3 {[%emt 0:00:04]} Nc6 {[%emt 0:00:01]} 3. Bb5 {[%emt 0:00:01]} d6 {[%emt 0:00:01]} 4. d4 {[%emt 0:00:03]} exd4 {[%emt 0:00:01]} 5. Nxd4 {[%emt 0:00:02]} Bd7 {[%emt 0:00:01]} 6. Nxc6 {[%emt 0:00:01]} bxc6 {[%emt 0:00:01]} 7. Bd3 {[%emt 0:00:01]} Nf6 {[%emt 0:00:01]} 8. O-O {[%emt 0:00:00]} Be7 {[%emt 0:00:01]} 9. Re1 {[%emt 0:00:01]} O-O {[%emt 0:00:02]} 10. e5 {[%emt 0:00:01]} Ne8 {[%emt 0:00:01]} 11. exd6 {[%emt 0:00:01]} cxd6 {[%emt 0:00:01]} 12. Nc3 {[%emt 0:00:02]} Be6 {[%emt 0:00:01]} 13. Qe2 {[%emt 0:00:04]} c5 {[%emt 0:00:02]} 14. Be4 {[%emt 0:00:02]} Rb8 {[%emt 0:00:03]} 15. Bd5 {[%emt 0:00:02]} Nc7 {[%emt 0:00:01]} 16. Bxe6 {[%emt 0:00:02]} fxe6 {[%emt 0:00:01]} 17. Be3 {[%emt 0:00:11]} d5 {[%emt 0:00:01]} 18. Bd2 {[%emt 0:00:04]} Bf6 {[%emt 0:00:02]} 19. Na4 {[%emt 0:00:06]} Qd6 {[%emt 0:00:03]} 20. Rab1 {[%emt 0:00:04]} d4 {[%emt 0:00:06]} 21. g3 {[%emt 0:00:04]} e5 {[%emt 0:00:01]} 22. f4 {[%emt 0:00:03]} Rfe8 {[%emt 0:00:13]} 23. fxe5 {[%emt 0:00:02]} Rxe5 {[%emt 0:00:03]} 24. Qc4+ {[%emt 0:00:02]} Qd5 {[%emt 0:00:04]} 25. Qxd5+ {[%emt 0:00:03]} Rxd5 {[%emt 0:00:01]} 26. Bf4 {[%emt 0:00:03]} Rb7 {[%emt 0:00:03]} 27. Bxc7 {[%emt 0:00:02]} Rxc7 {[%emt 0:00:01]} 28. b3 {[%emt 0:00:02]} h6 {[%emt 0:00:02]} 29. Re6 {[%emt 0:00:03]} Bg5 {[%emt 0:00:02]} 30. Rbe1 {[%emt 0:00:04]} Kf7 {[%emt 0:00:02]} 31. Ra6 {[%emt 0:00:03]} Be3+ {[%emt 0:00:02]} 32. Kg2 {[%emt 0:00:02]} Rf5 {[%emt 0:00:01]} 33. Re2 {[%emt 0:00:02]} Kg8 {[%emt 0:00:03]} 34. Nb2 {[%emt 0:00:05]} Rcf7 {[%emt 0:00:02]} 35. Nc4 {[%emt 0:00:05]} Rf2+ {[%emt 0:00:02]} 36. Rxf2 {[%emt 0:00:02]} Rxf2+ {[%emt 0:00:00]} 37. Kh3 {[%emt 0:00:01]} Rxc2 {[%emt 0:00:01]} 38. Re6 {[%emt 0:00:03]} Bg5 {[%emt 0:00:03]} 39. Ra6 {[%emt 0:00:06]} d3 {[%emt 0:00:02]} 40. Rd6 {[%emt 0:00:03]} d2 {[%emt 0:00:02]} 41. Kg4 {[%emt 0:00:03]} Rxa2 {[%emt 0:00:03]} 42. Kh5 {[%emt 0:00:03]} Kf7 {[%emt 0:00:02]} 43. Ne5+ {[%emt 0:00:05]} Ke7 {[%emt 0:00:02]} 44. Rd3 {[%emt 0:00:10]} Bf6 {[%emt 0:00:01]} 45. Ng6+ {[%emt 0:00:03]} Ke6 {[%emt 0:00:01]} 46. Nf4+ {[%emt 0:00:01]} Ke5 {[%emt 0:00:02]} 47. Rd5+ {[%emt 0:00:03]} Ke4 {[%emt 0:00:01]} 48. Rd7 {[%emt 0:00:03]} Bd4 {[%emt 0:00:01]} 49. Re7+ {[%emt 0:00:04]} Kf3 {[%emt 0:00:01]} 50. Rf7 {[%emt 0:00:09]} d1=Q {[%emt 0:00:02]} 51. Kh4 {[%emt 0:00:06]} Bf6+ {[%emt 0:00:01]} 52. Kh3 {[%emt 0:00:02]} Qf1+ {[%emt 0:00:02]} 53. Ng2 {[%emt 0:00:03]} Qxg2# {[%emt 0:00:02] (Lag: Av=0.54s, max=0.7s)} 0-1

[Event "Stay Safe Play From Home 186"]
[Site "T#646431Emanuel Laske"]
[Date "2020.05.29"]
[Round "6"]
[White "Don59as"]
[Black "Weltszmerc"]
[Result "1-0"]
[WhiteElo "2058"]
[BlackElo "2054"]
[Annotator "NA RC"]
[PlyCount "103"]
[EventDate "2020.05.29"]
[EventType "swiss (blitz)"]

1. c4 {[%emt 0:00:02]} b6 {[%emt 0:00:01]} 2. Nc3 {[%emt 0:00:01]} Bb7 {[%emt 0:00:00]} 3. e4 {[%emt 0:00:01]} e5 {[%emt 0:00:01]} 4. g3 {[%emt 0:00:01]} f5 {[%emt 0:00:01]} 5. d3 {[%emt 0:00:02]} Nf6 {[%emt 0:00:01]} 6. Bg2 {[%emt 0:00:01]} Bb4 {[%emt 0:00:02]} 7. f3 {[%emt 0:00:01]} O-O {[%emt 0:00:03]} 8. Nge2 {[%emt 0:00:01]} fxe4 {[%emt 0:00:06]} 9. dxe4 {[%emt 0:00:02]} Bc5 {[%emt 0:00:03]} 10. Qd3 {[%emt 0:00:09]} Nc6 {[%emt 0:00:04]} 11. a3 {[%emt 0:00:02]} Nd4 {[%emt 0:00:09]} 12. b4 {[%emt 0:00:09]} Nxe2 {[%emt 0:00:02]} 13. Nxe2 {[%emt 0:00:05]} Be7 {[%emt 0:00:10]} 14. O-O {[%emt 0:00:07]} a5 {[%emt 0:00:01]} 15. Bd2 {[%emt 0:00:02]} c6 {[%emt 0:00:08]} 16. Rfd1 {[%emt 0:00:17]} axb4 {[%emt 0:00:04]} 17. axb4 {[%emt 0:00:02]} Rxa1 {[%emt 0:00:01]} 18. Rxa1 {[%emt 0:00:02]} d5 {[%emt 0:00:01]} 19. exd5 {[%emt 0:00:18]} cxd5 {[%emt 0:00:00]} 20. Bg5 {[%emt 0:00:19]} e4 {[%emt 0:00:06]} 21. fxe4 {[%emt 0:00:07]} dxe4 {[%emt 0:00:01]} 22. Qc3 {[%emt 0:00:11]} h6 {[%emt 0:00:14]} 23. Bf4 {[%emt 0:00:06]} Qd3 {[%emt 0:00:06]} 24. Qxd3 {[%emt 0:00:08]} exd3 {[%emt 0:00:01]} 25. Bxb7 {[%emt 0:00:02]} dxe2 {[%emt 0:00:05]} 26. Re1 {[%emt 0:00:05]} Bxb4 {[%emt 0:00:13]} 27. Rxe2 {[%emt 0:00:01]} Bc5+ {[%emt 0:00:05]} 28. Kg2 {[%emt 0:00:02]} Rd8 {[%emt 0:00:07]} 29. h3 {[%emt 0:00:07]} Rd4 {[%emt 0:00:06]} 30. Ba6 {[%emt 0:00:02]} Rd3 {[%emt 0:00:03]} 31. Bb5 {[%emt 0:00:02]} Kf7 {[%emt 0:00:11]} 32. Be5 {[%emt 0:00:02]} Ra3 {[%emt 0:00:08]} 33. g4 {[%emt 0:00:02]} Nh7 {[%emt 0:00:08]} 34. Bf4 {[%emt 0:00:02]} Ng5 {[%emt 0:00:03]} 35. Be8+ {[%emt 0:00:01]} Kf8 {[%emt 0:00:01]} 36. Bxg5 {[%emt 0:00:01]} hxg5 {[%emt 0:00:01]} 37. Bg6 {[%emt 0:00:00]} Ra8 {[%emt 0:00:03]} 38. Re5 {[%emt 0:00:01]} Kg8 {[%emt 0:00:06]} 39. Rxg5 {[%emt 0:00:02]} Bd4 {[%emt 0:00:02]} 40. Rd5 {[%emt 0:00:02]} Bf6 {[%emt 0:00:01]} 41. Rd6 {[%emt 0:00:01]} Ra2+ {[%emt 0:00:01]} 42. Kf3 {[%emt 0:00:01]} Ra3+ {[%emt 0:00:02]} 43. Ke4 {[%emt 0:00:01]} Rb3 {[%emt 0:00:03]} 44. Rc6 {[%emt 0:00:01]} Kf8 {[%emt 0:00:01]} 45. Kf5 {[%emt 0:00:01]} Ke7 {[%emt 0:00:00]} 46. g5 {[%emt 0:00:01]} Rf3+ {[%emt 0:00:02]} 47. Kg4 {[%emt 0:00:01]} Rf1 {[%emt 0:00:01]} 48. gxf6+ {[%emt 0:00:01]} Rxf6 {[%emt 0:00:00]} 49. Rxf6 {[%emt 0:00:01]} Kxf6 {[%emt 0:00:00]} 50. Bf5 {[%emt 0:00:00]} Ke5 {[%emt 0:00:01]} 51. h4 {[%emt 0:00:01]} Kd4 {[%emt 0:00:01]} 52. Be6 {[%emt 0:00:01] Czas partii (Lag: Av=0.81s, max=1.3s)} 1-0

[Event "Stay Safe Play From Home 186"]
[Site "T#646431Emanuel Laske"]
[Date "2020.05.29"]
[Round "6"]
[White "Lazieri3"]
[Black "Patzeroglu"]
[Result "0-1"]
[WhiteElo "2031"]
[BlackElo "1941"]
[Annotator "TA"]
[PlyCount "98"]
[EventDate "2020.05.29"]
[EventType "swiss (blitz)"]

{[%evp 9,98,-15,-19,-28,-27,-27,-25,-22,-19,-27,-42,-29,-32,-61,-39,-47,-29,-39,-12,-93,-100,-77,-78,-116,-64,-55,-52,-54,-42,-108,-109,-110,-99,-92,-99,-106,0,0,0,0,0,0,0,3,7,0,0,0,0,0,0,0,0,0,0,0,0,-8,-8,-8,-8,-8,-8,-8,-8,-25,-12,-48,-47,-39,-39,-70,0,-43,-8,-8,-8,-8,-11,-256,-258,-288,-283,-1195,-1172,-1008,-970,-29988,-29989,-29989,-29990]} 1. e4 c5 2. Nc3 Nc6 3. d3 Nf6 4. Nf3 d5 5. exd5 Nxd5 6. Nxd5 {B29: Sicilian: 2 Nf3 Nf6 (Nimzowitsch Variation).} Qxd5 7. Be2 e5 8. O-O {Black has an edge.} Be7 9. Bg5 f6 10. Be3 O-O {[#]} 11. h3 $146 ({Predecessor:} 11. a3 Bf5 12. b3 Be6 13. Re1 Rac8 14. h3 Nd4 15. Nxd4 cxd4 16. Bf3 Qc5 17. b4 {0-1 (72) Jatmiko,T-Rodriguez S,M ICCF email 2016}) 11... Kh8 12. a3 b6 13. Re1 Ba6 14. Nh4 (14. c3 $11) 14... f5 $36 {[%mdl 2048] Black has strong initiative.} 15. Nf3 Rad8 16. Bg5 Bb7 (16... Bxg5 $17 17. Nxg5 h6) 17. Bxe7 $15 Nxe7 18. Bf1 Ng6 19. Ng5 ({White should try} 19. Qe2 $15) 19... Nf4 {[%cal Rf4g2]} 20. Qf3 h6 21. Qxd5 Bxd5 22. Nf3 Nxh3+ (22... Bxf3 $1 $17 23. gxf3 Rfe8) 23. gxh3 $11 Bxf3 24. Rxe5 Rde8 25. Rae1 Rxe5 26. Rxe5 {[%mdl 4096] Endgame KRB-KRB} Rf7 27. Bg2 Bxg2 28. Kxg2 {KR-KR} g5 29. Kf3 Kg7 30. Re6 Rf6 31. Re7+ Rf7 32. Re8 Kg6 33. c3 Kh5 34. Re6 g4+ 35. hxg4+ fxg4+ 36. Kg2 $1 Rd7 37. Re3 Kh4 38. f3 h5 39. fxg4 hxg4 40. a4 a6 (40... Rd6 $15) 41. Kf2 b5 42. axb5 axb5 43. Kg2 b4 44. cxb4 $2 {This move loses the game for White.} (44. d4 $11 {and White stays safe.}) 44... cxb4 $19 45. b3 Rc7 $1 46. Re4 $2 (46. Re2 Rc3 47. Rd2) 46... Rc2+ $1 47. Kf1 {[#]} Kh3 $1 48. Rxb4 {[#]} g3 $1 49. Rc4 Rb2 {Accuracy: White = 66%, Black = 86%.} 0-1